Financing a sustainable European economy (Record no. 121208)

MARC details
000 -LEADER
fixed length control field 01026nam a22002057a 4500
001 - CONTROL NUMBER
control field K12128
008 - FIXED-LENGTH DATA ELEMENTS--GENERAL INFORMATION
fixed length control field 160218b2019 xxu||||| |||| 00| 0 eng d
041 ## - LANGUAGE CODE
Language code of text/sound track or separate title eng
110 ## - MAIN ENTRY--CORPORATE NAME
Corporate author EU Technical Expert Group on Sustainable Finance
245 ## - TITLE STATEMENT
Title Financing a sustainable European economy
Subtitle Taxonomy technical report
300 ## - PHYSICAL DESCRIPTION
Physical description 414p
520 ## - ABSTRACT
Abstract Sets out the results of work undertaken by the Technical Expert Group on Sustainable Finance in relation to the development of an EU classification scheme for environmentally sustainable economic activities known as a taxonomy. Explains reasons behind taxonomy, methodology, construction and case studies illustrating its usage.
650 ## - KEYWORDS
Keywords Taxonomy
650 ## - KEYWORDS
Keywords Sustainable finance
650 ## - KEYWORDS
Keywords Valuetheplanet
651 ## - SUBJECT ADDED ENTRY--GEOGRAPHIC NAME
Geographic name Europe
690 ## - BROAD SUBJECT
9 (RLIN) 6271
Broad subject Sustainability
856 ## - ONLINE RESOURCE
Uniform Resource Identifier <a href="https://ec.europa.eu/info/sites/info/files/business_economy_euro/banking_and_finance/documents/190618-sustainable-finance-teg-report-taxonomy_en.pdf">https://ec.europa.eu/info/sites/info/files/business_economy_euro/banking_and_finance/documents/190618-sustainable-finance-teg-report-taxonomy_en.pdf</a>
Public note View at ec.euope.eu
942 ## - ADDED ENTRY ELEMENTS (KOHA)
Suppress in OPAC Do not suppress in OPAC
Holdings
Lost status Damaged status Not for loan Home library Current library Shelving location Date acquired Total Checkouts Date last seen Price effective from Koha item type
      Virtual Virtual Online 18/02/2020   18/02/2020 18/02/2020 Online material